| 000 | 01990nam a2200565 i 4500 | ||
|---|---|---|---|
| 001 | 45537 | ||
| 003 | KOSZ 005 | ||
| 005 | 20240405063149.0 | ||
| 008 | 040212s2003 pl a |000 0 pol | ||
| 015 | _aUWD 2004/3926 | ||
| 035 | _a991022438989705066 | ||
| 035 | _a(PL-WaBN)b16051130-48omnis_nlop | ||
| 035 | _ab16051130 | ||
| 035 | _a(OCoLC)749435516 | ||
| 035 | _a(PL)b0000001605113 | ||
| 035 | _a(EXLNZ-48OMNIS_NETWORK)9910118990205606 | ||
| 040 |
_aWA N _cWA N _dWA N _dKOSZ 005/HR |
||
| 041 | 0 | _apol | |
| 046 | _k2005 | ||
| 080 | _a338.45(438)"1989/..." | ||
| 080 | _a664(438)"1989/..." | ||
| 080 | _a339.137(438)"1989/..." | ||
| 080 | _a658.5 | ||
| 100 | 1 |
_aUrban, Wiesław _c(ekonomia) _eAutor |
|
| 245 | 1 | 0 |
_aSystemy jakości a podnoszenie konkurencyjności : _bwyniki badań w przemyśle spożywczym / _cWiesław Urban. |
| 260 |
_aBiałystok : _bWydaw. PB, _c2003. |
||
| 300 |
_a159 s. : _btab., wykr. ; _c23 cm. |
||
| 336 |
_aTekst _btxt _2rdacontent |
||
| 337 |
_aBez urządzenia pośredniczącego _bn _2rdamedia |
||
| 338 |
_aWolumin _bnc _2rdacarrier |
||
| 380 | _aKsiążki | ||
| 388 | _a2001- | ||
| 490 | 1 |
_aRozprawy Naukowe / Politechnika Białostocka, _x0867-096X ; _vnr 107 |
|
| 504 | _aBibliogr. s. 149-155. | ||
| 648 | 7 |
_a1901-2000 _2DBN |
|
| 648 | 7 |
_a1989-2000 _2DBN |
|
| 648 | 7 |
_a2001- _2DBN |
|
| 650 | 7 |
_aJakość żywności _2DBN |
|
| 650 | 7 |
_aKonkurencyjność _2DBN |
|
| 650 | 7 |
_aPrzemysł rolno-spożywczy _2DBN |
|
| 650 | 7 |
_aŻywność _2DBN |
|
| 651 | 7 |
_aPolska _2DBN |
|
| 658 | _aGospodarka, ekonomia, finanse | ||
| 658 | _aRolnictwo i leśnictwo | ||
| 710 | 2 |
_aOficyna Wydawnicza Politechniki Białostockiej _4pbl |
|
| 830 | 0 |
_aRozprawy Naukowe - Politechnika Białostocka _vnr 107 |
|
| 856 |
_uhttp://koha.tu.koszalin.pl/cgi-bin/koha/opac-detail.pl?biblionumber=45537 _yKatalog online BPK |
||
| 942 |
_2UKD _cKS |
||
| 999 |
_c45537 _d45537 |
||